000 00825nam a2200253Ia 4500
003 OSt
005 20220927111059.0
006 a|||||r|||| 00| 0
007 ta
008 220926b |||||||| |||| 00| 0 eng d
024 _a93953
037 _cReports
040 _aRTL
_cRTL
_beng
041 _2eng
_aeng
082 _a"X9(F).1.n9, L9"
110 _aStudy Group on energy. 1978 (Chairman: Hans H Landsberg
_9381256
245 0 _aEnergy
_b The next twenty years By Kenneth J Arrow
260 _aCambridge
_bBallinger
_c1979
300 _a"xxviii, 628p. Appendix P 609, Glossary P 585-604"
_ccm.
650 _aTechnologcal Industry
700 _aStudy Group on energy. 1978 (Chairman: Hans H Landsberg
_9381257
942 _h"X9(F).1.n9, L9"
_cCC
999 _c698613
_d698613